| 000 | 00434nam a2200181Ia 4500 | ||
|---|---|---|---|
| 008 | 230524s9999 xx 000 0 und d | ||
| 020 | _a9788131500484 | ||
| 082 |
_a688.15 _bGAI |
||
| 100 | _aNorman Gaither | ||
| 245 | 0 | _aOperations Management | |
| 250 | _a16TH | ||
| 260 |
_aNEW DELHI _bThomson _c2008 |
||
| 300 | _aXI;825 | ||
| 500 | _aQuantity Number: 20 | ||
| 650 | _aManagement | ||
| 700 | _a Gerg Frazier | ||
| 942 | _cBK | ||
| 999 |
_c39322 _d39322 |
||